000 02248nam a2200301 a 4500
008 120416s1985 ||||||||||||||||| || u
020 _a0582305160
050 _aHD 9715 Cor
100 _aCormican, David, 1946-
245 1 0 _aConstruction management: planning and finance.
260 _aLondon
_bConstruction Press
_c1985
300 _axii, 300p. : ill.
350 _a0.00
500 _aIncludes index. -Bibliography: p. 295-296.
650 0 _aCONSTRUCTION INDUSTRY--MANAGEMENT
650 _aCONSTRUCTION
995 _aTEXTBOOKS (SBE)
_D0.00
_e2381
_FCBU-SCHOOL TEXTBOOK COLLECTIONS
_H1
_I0.00
_jSCHOOL TEXTBOOK
_M3
_UAVAILABLE
_WNov 10, 2008
_y2381
_ZSchool Collections
995 _aTEXTBOOKS (SBE)
_D0.00
_e2385
_FCBU-SCHOOL TEXTBOOK COLLECTIONS
_H1
_I0.00
_jSCHOOL TEXTBOOK
_M6
_UAVAILABLE
_WNov 10, 2008
_y2385
_ZSchool Collections
995 _aTEXTBOOKS (SBE)
_D0.00
_e2382
_FCBU-SCHOOL TEXTBOOK COLLECTIONS
_H1
_I0.00
_jSCHOOL TEXTBOOK
_M4
_UAVAILABLE
_WNov 10, 2008
_y2382
_ZSchool Collections
995 _aTEXTBOOKS (SBE)
_D0.00
_e2383
_FCBU-SCHOOL TEXTBOOK COLLECTIONS
_H1
_I0.00
_jSCHOOL TEXTBOOK
_M5
_UAVAILABLE
_WNov 10, 2008
_y2383
_ZSchool Collections
995 _aTEXTBOOKS (SBE)
_D0.00
_e2387
_FCBU-SCHOOL TEXTBOOK COLLECTIONS
_H1
_I0.00
_jSCHOOL TEXTBOOK
_M8
_UAVAILABLE
_WNov 10, 2008
_y2387
_ZSchool Collections
995 _aMAIN LIBRARY OPEN ACCESS
_D0.00
_e709582
_FCBU-MAIN LIBRARY (Kitwe)
_H1
_I254.85
_jHD 9715 Cor
_M1
_ULOST
_y004266
_ZMain Library Open Access Collection
995 _aTEXTBOOKS (SBE)
_D0.00
_e2395
_FCBU-SCHOOL TEXTBOOK COLLECTIONS
_H1
_I0.00
_jSCHOOL TEXTBOOK
_M10
_UAVAILABLE
_WNov 10, 2008
_y2395
_ZSchool Collections
995 _aTEXTBOOKS (SBE)
_D0.00
_e2398
_FCBU-SCHOOL TEXTBOOK COLLECTIONS
_H1
_I0.00
_jSCHOOL TEXTBOOK
_M11
_UAVAILABLE
_WNov 10, 2008
_y2398
_ZSchool Collections
995 _aTEXTBOOKS (SBE)
_D0.00
_e2386
_FCBU-SCHOOL TEXTBOOK COLLECTIONS
_H1
_I0.00
_jSCHOOL TEXTBOOK
_M7
_UAVAILABLE
_WNov 10, 2008
_y2386
_ZSchool Collections
995 _aTEXTBOOKS (SBE)
_D0.00
_e2389
_FCBU-SCHOOL TEXTBOOK COLLECTIONS
_H1
_I0.00
_jSCHOOL TEXTBOOK
_M9
_UAVAILABLE
_WNov 10, 2008
_y2389
_ZSchool Collections
995 _aTEXTBOOKS (SBE)
_D0.00
_e2380
_FCBU-SCHOOL TEXTBOOK COLLECTIONS
_H1
_I0.00
_jSCHOOL TEXTBOOK
_M2
_UAVAILABLE
_WNov 10, 2008
_y2380
_ZSchool Collections
999 _c79776
_d79776